50 Random Flags of A Diverse World - Statistics

General Stats
  • This quiz has been taken 111 times
  • The average score is 43 of 50
Answer Stats
Picture Answer % Correct
Bulgaria
100%
Greece
100%
Norway
100%
South Korea
100%
Spain
100%
Ireland
97%
Malta
97%
Russia
97%
United Kingdom
97%
Australia
96%
Brazil
96%
Canada
96%
Croatia
96%
Estonia
96%
Finland
96%
France
96%
Israel
96%
Italy
96%
Japan
96%
South Africa
96%
Switzerland
96%
Tunisia
96%
Ukraine
96%
Serbia
95%
Netherlands
94%
Albania
93%
Argentina
93%
Belgium
93%
Hungary
93%
India
93%
Mexico
93%
Nepal
93%
Portugal
93%
United States
93%
Lebanon
92%
New Zealand
92%
North Macedonia
92%
Pakistan
92%
San Marino
92%
Turkey
92%
Andorra
91%
Czechia
91%
Denmark
91%
Egypt
91%
Slovenia
91%
Austria
90%
Sweden
90%
Bangladesh
89%
Luxembourg
89%
Poland
89%
Dominican Republic
88%
Colombia
87%
Uruguay
87%
Kenya
86%
Philippines
86%
Iceland
85%
Nigeria
85%
Peru
85%
Uganda
85%
Romania
84%
Senegal
84%
Lithuania
83%
Monaco
83%
Bhutan
82%
Taiwan
82%
Cambodia
81%
Laos
81%
Qatar
81%
Thailand
81%
Botswana
80%
Chile
80%
Belarus
79%
Ecuador
79%
Guatemala
79%
Latvia
79%
Mongolia
79%
Indonesia
78%
Malaysia
78%
Slovakia
78%
Costa Rica
76%
Montenegro
76%
Ghana
75%
Singapore
73%
Sri Lanka
73%
United Arab Emirates
73%
Jordan
72%
Lesotho
71%
Kyrgyzstan
70%
Madagascar
67%
Mali
65%
Paraguay
65%
Eswatini
63%
Bolivia
57%
Rwanda
57%
Vanuatu
42%
No matching quizzes found
Score Distribution
Percent of People with Each Score
Percentile by Number Answered
Your Score History
You have not taken this quiz